000 00456nam a2200181Ia 4500
008 230711s9999||||xx |||||||||||||| ||und||
020 _a978-1-78242-232-7
041 _aENG
082 _a687
_bNA-G
100 _aNayak,Rajkishore
245 0 _aGerment manufacturing technology
250 _a1st Ed.
260 _c2015
_aCamberidge
_bWoodhead Publishing Ltd
300 _a481p.
650 _aTextile Engineering
700 _aPadhye,Rajiv
942 _cBK
999 _c5826
_d5826